| 000 | 00952nam a22002531u 4500 | ||
|---|---|---|---|
| 001 | 05343 | ||
| 003 | HDC | ||
| 007 | cr bn ---aaaaa | ||
| 008 | 210119p9999 | d 00 engg | ||
| 040 | _aHDC | ||
| 100 |
_aMohd Zulkifli Muhammad _eauthor _91300 |
||
| 245 | 4 |
_aThe Concept of Business Ethics in Islamic Perspective: An Introductory Study of Small and Medium Enterprises (SMEs) / by _cMohd Zulkifli Muhammad |
|
| 260 |
_a[no place] : _b[publisher not identified], _c[no year] |
||
| 300 | _a 1 online resource (12 pages) | ||
| 336 |
_atext _2rdacontent |
||
| 337 |
_acomputer _2rdamedia |
||
| 338 |
_aonline resource _2rdacarrier |
||
| 650 |
_abusiness ethics _9317 |
||
| 650 |
_aconcept of Islamic _95573 |
||
| 856 | _zRequest full-text at [email protected] | ||
| 942 | _2lcc | ||
| 942 | _cAR | ||
| 942 | _kJART 001371 | ||
| 999 |
_c2667 _d2667 |
||